| 000 | 00431nam a22001697a 4500 | ||
|---|---|---|---|
| 005 | 20230406140623.0 | ||
| 008 | 230406b ||||| |||| 00| 0 eng d | ||
| 020 | _a9789382585145 | ||
| 040 | _cAACR2 | ||
| 082 | _a813 AIY | ||
| 100 |
_aAiyappa, Ashwath _911802 |
||
| 245 | _aWhen god bowls a google | ||
| 260 |
_aMadikeri _bMegenta Press _c2014 |
||
| 300 | _bXV190p. | ||
| 650 |
_aEnglish Literature _914517 |
||
| 942 |
_2ddc _cGF |
||
| 999 |
_c194468 _d194468 |
||